[Event "Luxembourg-chT 1213"]
[Site "Luxembourg"]
[Date "2012.12.10"]
[Round "3"]
[White "Ghavami, Seyed Reza"]
[Black "Schwab, Patrick"]
[Result "1-0"]
[WhiteElo "1914"]
[BlackElo "2113"]
[PlyCount "33"]
[EventDate "2012.10.??"]
[EventType "team-tourn"]
[EventRounds "10"]
[EventCountry "LUX"]
[SourceTitle "EXT 2017"]
[Source "ChessBase"]
[SourceDate "2016.10.25"]
[SourceVersion "1"]
[SourceVersionDate "2016.10.25"]
[SourceQuality "1"]

1. e4 Nf6 2. e5 Nd5 3. d4 d6 4. Nf3 g6 5. Bc4 Nb6 6. Bb3 Bg7 7. exd6 cxd6 8. Nc3 0-0 9. Bg5 Nc6 10. Qd2 a5 11. a4 Bg4 12. Ne2 Nd7 13. 0-0-0 Nf6 14. Qf4 Qd7 15. h3 Bxf3 16. Qxf3 e6 17. Bxf6 1-0

[Event "Luxembourg-chT 1213"]
[Site "Luxembourg"]
[Date "2012.10.??"]
[Round "1"]
[White "Ghavami, Seyed Reza"]
[Black "Trauth, Michael"]
[Result "0-1"]
[WhiteElo "1914"]
[BlackElo "2165"]
[PlyCount "30"]
[EventDate "2012.10.??"]
[EventType "team-tourn"]
[EventRounds "10"]
[EventCountry "LUX"]
[SourceTitle "EXT 2017"]
[Source "ChessBase"]
[SourceDate "2016.10.25"]
[SourceVersion "1"]
[SourceVersionDate "2016.10.25"]
[SourceQuality "1"]

1. e4 c5 2. Nf3 Nc6 3. d4 cxd4 4. Nxd4 g6 5. Bc4 Bg7 6. Be3 Nf6 7. Nc3 0-0 8. Bb3 a5 9. f3 d5 10. exd5 Nb4 11. 0-0 Nfxd5 12. Bf2 Nxc3 13. bxc3 Nd5 14. c4 Nc3 15. Qd3 Bxd4 0-1

[Event "Luxembourg-chT 1112"]
[Site "Luxembourg"]
[Date "2012.02.10"]
[Round "5"]
[White "Ghavami, Seyed Reza"]
[Black "Wietor, Henri"]
[Result "1-0"]
[WhiteElo "1914"]
[BlackElo "1834"]
[PlyCount "34"]
[EventDate "2011.10.??"]
[EventType "team-tourn"]
[EventRounds "10"]
[EventCountry "LUX"]
[SourceTitle "EXT 2017"]
[Source "ChessBase"]
[SourceDate "2016.10.25"]
[SourceVersion "1"]
[SourceVersionDate "2016.10.25"]
[SourceQuality "1"]

1. e4 d5 2. exd5 Nf6 3. d4 Nxd5 4. c4 Nb6 5. Nf3 Bg4 6. Be2 e6 7. 0-0 Be7 8. Nc3 0-0 9. Bf4 N8d7 10. Nb5 c6 11. Nd6 Bxd6 12. Bxd6 Re8 13. Bf4 Qf6 14. Qc1 h6 15. Re1 a5 16. Bd2 a4 17. Bc3 Qe7 1-0